| 000 | 00724nam a2200205 i 4500 | ||
|---|---|---|---|
| 001 | 102988 | ||
| 003 | ES-MaACL | ||
| 005 | 20231206063230.0 | ||
| 007 | t| | ||
| 008 | 051223s1887 sp ||||1| spa d | ||
| 080 | _a821.134.2 Campoamor, Ramón de 1.06 | ||
| 100 | 1 |
_aVerdes Montenegro, José, _d1866-1942 _9114026 |
|
| 245 | 1 | 0 |
_aCampoamor _b: estudio literario / _cJosé Verdes Montenegro. |
| 260 |
_aMadrid : _b[s.n.], _c1887 ( _fTip. Sucs. de Rivadeneyra) |
||
| 300 |
_a111 p. ; _c19 cm. |
||
| 600 | 1 | 4 |
_aCampoamor, Ramón de, _d1817-1901- _xCrítica e interpretación _934234 |
| 852 |
_aES-MaACL _jF-9820 _bR.136531 |
||
| 852 |
_aES-MaACL _jT-719-F-3 _z.- Ded. autogr. del autor |
||
| 999 |
_c102988 _d102988 |
||